000 00403cam a2200169 4500
001 D14347
008 090401t1953 xxu||||| |||| 00| 0 eng d
035 _a(Sirsi) u14960
041 _aeng
100 _aWalker-Smith, Derek
245 4 _aThe standard form of building contract
260 _aLondon
_bCharles Knight
_c1953
350 _a0
520 _aShelf 136
942 _n0
948 _c04/03/1997
999 _c87231
_d87231